INFOS '90 zborník z 20. informatického seminára konaného v dňoch 18.-20.4. 1990 vo Vrátnej doline

Saved in:
Bibliographic Details
Corporate Author: INFOS
Format: Book
Language:Slovak
Published: Bratislava Alfa 1990
Edition:1. vyd.
Tags: Add Tag
No Tags, Be the first to tag this record!

MARC

LEADER 00000nam a2200000 4500
001 c026060
005 20230220130134.6
041 0 |a slo 
044 |a SK 
245 1 0 |a INFOS '90  |b zborník z 20. informatického seminára konaného v dňoch 18.-20.4. 1990 vo Vrátnej doline 
250 |a 1. vyd. 
264 1 |a Bratislava  |b Alfa  |c 1990 
300 |a 156 s. 
110 2 |a INFOS